OFDMA System Analysis and Design / (Record no. 15188)
[ view plain ]
| 000 -LEADER | |
|---|---|
| fixed length control field | 01250cam a22003375a 4500 |
| 001 - CONTROL NUMBER | |
| control field | 16616599 |
| 005 - DATE AND TIME OF LATEST TRANSACTION | |
| control field | 20110120113229.0 |
| 008 - FIXED-LENGTH DATA ELEMENTS--GENERAL INFORMATION | |
| fixed length control field | 110120s2010 maua b 001 0 eng d |
| 010 ## - LIBRARY OF CONGRESS CONTROL NUMBER | |
| LC control number | 2010284788 |
| 015 ## - NATIONAL BIBLIOGRAPHY NUMBER | |
| National bibliography number | GBB0A6636 |
| Source | bnb |
| 016 7# - NATIONAL BIBLIOGRAPHIC AGENCY CONTROL NUMBER | |
| Record control number | 015641734 |
| Source | Uk |
| 020 ## - INTERNATIONAL STANDARD BOOK NUMBER | |
| International Standard Book Number | 160807076X |
| 020 ## - INTERNATIONAL STANDARD BOOK NUMBER | |
| International Standard Book Number | 9781608070763 |
| 035 ## - SYSTEM CONTROL NUMBER | |
| System control number | (OCoLC)ocn606766648 |
| 040 ## - CATALOGING SOURCE | |
| Original cataloging agency | BTCTA |
| Language of cataloging | eng |
| Transcribing agency | BTCTA |
| Modifying agency | YDXCP |
| -- | OCLCQ |
| -- | UKM |
| -- | CDX |
| -- | DLC |
| 042 ## - AUTHENTICATION CODE | |
| Authentication code | lccopycat |
| 082 04 - DEWEY DECIMAL CLASSIFICATION NUMBER | |
| Classification number | 621.38 |
| Edition number | 22 |
| Item number | YAN |
| 100 1# - MAIN ENTRY--PERSONAL NAME | |
| Personal name | Yang, Samuel C. |
| 9 (RLIN) | 23372 |
| 245 10 - TITLE STATEMENT | |
| Title | OFDMA System Analysis and Design / |
| Statement of responsibility, etc | Samuel C. Yang. |
| 260 ## - PUBLICATION, DISTRIBUTION, ETC. (IMPRINT) | |
| Place of publication, distribution, etc | Norwood, MA : |
| Name of publisher, distributor, etc | Artech House, 2010 |
| Date of publication, distribution, etc | c2010. |
| 300 ## - PHYSICAL DESCRIPTION | |
| Extent | xv, 295 p. : |
| Other physical details | ill. ; |
| Dimensions | 27 cm. |
| 490 1# - Series Statement | |
| Series statement | Artech House Mobile Communications Series |
| -- | 23334 |
| 504 ## - BIBLIOGRAPHY, ETC. NOTE | |
| Bibliography, etc | Includes bibliographical references and index. |
| 650 #0 - SUBJECT ADDED ENTRY--TOPICAL TERM | |
| Topical term or geographic name as entry element | Orthogonal frequency division multiplexing. |
| 9 (RLIN) | 23373 |
| 650 #0 - SUBJECT ADDED ENTRY--TOPICAL TERM | |
| Topical term or geographic name as entry element | Wireless communication systems. |
| 9 (RLIN) | 23374 |
| 653 ## - INDEX TERM--UNCONTROLLED | |
| Resource For college | |
| Arrived date list | April2011 |
| 830 #0 - SERIES ADDED ENTRY--UNIFORM TITLE | |
| Uniform title | Artech House mobile communications library. |
| 9 (RLIN) | 23375 |
| 942 ## - ADDED ENTRY ELEMENTS (KOHA) | |
| Source of classification or shelving scheme | Dewey Decimal Classification |
| Item type | Book - Borrowing |
| Withdrawn status | Item status | Source of classification or shelving scheme | Damaged status | Not for loan | Vendor | Home library | Current library | Shelving location | Date acquired | Source of acquisition | Cost, normal purchase price | Serial Enumeration / chronology | Total Checkouts | Full call number | Barcode | Date last seen | Date last borrowed | Koha item type |
|---|---|---|---|---|---|---|---|---|---|---|---|---|---|---|---|---|---|---|
| Dewey Decimal Classification | Baccah | Central Library | Central Library | First floor | 27/04/2011 | 676.00 | 12158 | 1 | 621.38 YAN | 000023406 | 15/07/2025 | 15/10/2015 | Book - Borrowing |